[Event "Forcing Moves Winter-3"]
[Site "Mississauga CAN"]
[Date "2023.03.18"]
[Round "4.4"]
[White "Jiang, Hancy"]
[Black "Qian, Eric"]
[Result "0-1"]
[WhiteElo "1869"]
[BlackElo "1896"]
[PlyCount "70"]
[EventDate "2023.03.17"]
[EventType "swiss"]
[EventRounds "6"]
[EventCountry "CAN"]

1. Nf3 d5 2. d4 Nf6 3. c4 e6 4. g3 Be7 5. Bg2 c6 6. O-O O-O 7. Bf4 Nbd7 8. Nc3
b6 9. a3 Bb7 10. cxd5 cxd5 11. Rc1 a6 12. Qb3 Rc8 13. h4 Rc6 14. Bh3 Qa8 15.
Kh1 Rfc8 16. g4 Ne4 17. g5 Nxc3 18. bxc3 Bd6 19. Bd2 a5 20. a4 Ba6 21. Rfe1 Bc4
22. Qc2 b5 23. g6 hxg6 24. Ng5 Nf8 25. Rg1 b4 26. Rg2 bxc3 27. Bxc3 Ba6 28.
Rcg1 Rxc3 29. Qd2 Rc2 30. Qxa5 Bxe2 31. Qb6 Qc6 32. Qb3 Rb8 33. Qe3 Qxa4 34.
Bxe6 Nxe6 35. Nxe6 Rb3 0-1

[Event "Forcing Moves Winter-3"]
[Site "Mississauga CAN"]
[Date "2023.03.18"]
[Round "4.5"]
[White "Douglas, Richard"]
[Black "Siegel, Adam"]
[Result "0-1"]
[WhiteElo "2073"]
[BlackElo "1955"]
[PlyCount "140"]
[EventDate "2023.03.17"]
[EventType "swiss"]
[EventRounds "6"]
[EventCountry "CAN"]

1. f4 d5 2. Nf3 g6 3. e3 Bg7 4. Be2 c5 5. O-O Nc6 6. d3 Nf6 7. Kh1 O-O 8. Ne5
Nxe5 9. fxe5 Ne8 10. d4 f6 11. Nc3 fxe5 12. Rxf8+ Kxf8 13. dxc5 e6 14. e4 Nc7
15. b4 Bd7 16. a4 d4 17. Nb5 Ne8 18. c4 Kg8 19. Bg4 Bf8 20. Bd2 a6 21. Na3 a5
22. c6 bxc6 23. b5 c5 24. Qf3 Qf6 25. Qg3 Nd6 26. Bg5 Qg7 27. Re1 h6 28. Bd2
Be7 29. Qh3 Qf7 30. Qxh6 Bf8 31. Qh4 Be7 32. Qg3 Nxe4 33. Qf3 Nf2+ 34. Kg1 Qxf3
35. Bxf3 e4 36. Bxe4 Nxe4 37. Rxe4 Bd6 38. b6 Ra6 39. Nb5 Bf8 40. Nxd4 Rxb6 41.
Nb5 e5 42. Be3 Bf5 43. Rh4 Bc2 44. Nc3 Rb3 45. Nd5 Rb1+ 46. Kf2 Bd6 47. Bg5
Bxa4 48. Nf6+ Kf7 49. Rh7+ Ke6 50. g4 Rb4 51. Ne4 Rxc4 52. Nxd6 Kxd6 53. Be7+
Ke6 54. g5 Bc2 55. Bf6 Kf5 56. Re7 Re4 57. Rf7 a4 58. Bd8+ Ke6 59. Rf6+ Kd5 60.
Ra6 c4 61. Ba5 Rg4 62. Bd2 Rh4 63. Bc3 Rxh2+ 64. Kg3 Re2 65. Ra5+ Ke4 66. Bxe5
c3 67. Bf6 Bb3 68. Re5+ Kd3 69. Rxe2 Kxe2 70. Bxc3 a3 0-1

[Event "Forcing Moves Winter-3"]
[Site "Mississauga CAN"]
[Date "2023.03.19"]
[Round "5.1"]
[White "Qian, Eric"]
[Black "Bhat, Vaibhav"]
[Result "1/2-1/2"]
[WhiteElo "1896"]
[BlackElo "2156"]
[PlyCount "53"]
[EventDate "2023.03.17"]
[EventType "swiss"]
[EventRounds "6"]
[EventCountry "CAN"]

1. e4 c6 2. d4 d5 3. e5 Bf5 4. h4 h5 5. Bd3 Bxd3 6. Qxd3 e6 7. Bg5 Qb6 8. Nd2
c5 9. c4 Qxb2 10. Nb3 cxd4 11. cxd5 Qc3+ 12. Qxc3 dxc3 13. dxe6 fxe6 14. Ne2
Nd7 15. f4 Rc8 16. Nbd4 Kf7 17. Rh3 Nh6 18. a3 Ng4 19. f5 Ndxe5 20. fxe6+ Ke8
21. Rxc3 Rxc3 22. Nxc3 Be7 23. Bxe7 Kxe7 24. Nd5+ Kd6 25. Nf4 Ne3 26. Ke2 N5c4
27. Rc1 1/2-1/2

[Event "Forcing Moves Winter-3"]
[Site "Mississauga CAN"]
[Date "2023.03.19"]
[Round "5.2"]
[White "Siegel, Adam"]
[Black "Zhong, Ryan Yunhui"]
[Result "1-0"]
[WhiteElo "1955"]
[BlackElo "1940"]
[PlyCount "169"]
[EventDate "2023.03.17"]
[EventType "swiss"]
[EventRounds "6"]
[EventCountry "CAN"]

1. d4 d5 2. c4 dxc4 3. Nf3 Nf6 4. e3 a6 5. Bxc4 b5 6. Be2 Bb7 7. O-O e6 8. b3
Nbd7 9. Bb2 c5 10. a4 b4 11. Nbd2 Qc7 12. Rc1 Rd8 13. Qc2 Qb8 14. Rfe1 Be7 15.
e4 cxd4 16. Nxd4 Rc8 17. Qb1 O-O 18. f3 Bd6 19. Nf1 Rc5 20. Rxc5 Bxc5 21. Kh1
Qa7 22. Rd1 Rc8 23. Nc2 e5 24. Ne1 h6 25. Ng3 g6 26. Bc4 Bd4 27. Bxd4 exd4 28.
Nd3 a5 29. Qb2 Rd8 30. Qd2 Kh7 31. Bxf7 Ba6 32. Bc4 Bxc4 33. bxc4 Nb6 34. Nb2
Qc7 35. Qc2 Ng8 36. Ne2 Qc5 37. Nc1 Ne7 38. Nb3 Qe5 39. c5 Na8 40. Qc4 Nc6 41.
Nd3 Qf6 42. f4 Nc7 43. h3 Kg7 44. Rf1 Rd7 45. Qc2 Re7 46. Nd2 Kh7 47. e5 Qf7
48. Ne4 Nd5 49. Nd6 Qg8 50. Qc4 Ne3 51. Qxg8+ Kxg8 52. Rf2 b3 53. Rb2 Nb4 54.
Rxb3 Nbd5 55. c6 Nf5 56. Nxf5 gxf5 57. Rb5 Nc7 58. Rxa5 Ne6 59. Rb5 Nc7 60. Rb7
Kg7 61. a5 Kf7 62. Nc5 Ne6 63. Nxe6 d3 64. Nc5 d2 65. Rb1 Rc7 66. Rd1 Rxc6 67.
Nb3 Rc3 68. Rxd2 Rxb3 69. Ra2 Rb7 70. a6 Ra7 71. g4 Ke6 72. Ra5 fxg4 73. hxg4
h5 74. f5+ Kf7 75. g5 Kg8 76. Kh2 Kf8 77. Kh3 Kg8 78. Kh4 Kf8 79. Kxh5 Rh7+ 80.
Kg6 Ra7 81. f6 Kg8 82. Rb5 Rg7+ 83. Kf5 Rf7 84. Rb8+ Rf8 85. Rxf8+ 1-0

[Event "Forcing Moves Winter-3"]
[Site "Mississauga CAN"]
[Date "2023.03.19"]
[Round "5.3"]
[White "Singh Dhaliwal, Jaipreet"]
[Black "Lu, Tony"]
[Result "1-0"]
[WhiteElo "1958"]
[BlackElo "2036"]
[PlyCount "107"]
[EventDate "2023.03.17"]
[EventType "swiss"]
[EventRounds "6"]
[EventCountry "CAN"]

1. e4 e6 2. d4 d5 3. e5 c5 4. c3 Nc6 5. Nf3 Qb6 6. a3 c4 7. Be2 Na5 8. Nbd2 Bd7
9. O-O Be7 10. Ne1 O-O-O 11. g3 f6 12. f4 Nh6 13. Ng2 f5 14. h4 Nf7 15. Ne3 g6
16. Bf3 Bc6 17. Rf2 h6 18. Rh2 g5 19. Ng2 Rdg8 20. Kh1 gxh4 21. gxh4 Rg7 22.
Nf1 Nb3 23. Rb1 a5 24. Be3 Qd8 25. Bf2 b5 26. Rh3 Kc7 27. Qe1 h5 28. Ng3 Rg4
29. Bxg4 fxg4 30. Rh2 Be8 31. f5 exf5 32. Nxf5 Nh6 33. Nxh6 Rxh6 34. Bg3 Bg6
35. Qe3 Qf8 36. Re1 Be4 37. Kg1 Bf3 38. e6+ Kb7 39. Nf4 Be4 40. Rf2 Qd8 41. Ng2
Rxe6 42. Qf4 Bd6 43. Qe3 Bf5 44. Be5 Bg6 45. Ref1 Rxe5 46. dxe5 Bc5 47. Qg3 Nd2
48. Kh1 Ne4 49. Rf7+ Kb6 50. R1f6+ Bd6 51. Qe3+ Kc6 52. Rxg6 Qe8 53. Rxd6+ Nxd6
54. Rf6 1-0

[Event "Forcing Moves Winter-3"]
[Site "Mississauga CAN"]
[Date "2023.03.19"]
[Round "5.4"]
[White "Lakhani, Riyaan"]
[Black "Douglas, Richard"]
[Result "1/2-1/2"]
[WhiteElo "1848"]
[BlackElo "2073"]
[PlyCount "70"]
[EventDate "2023.03.17"]
[EventType "swiss"]
[EventRounds "6"]
[EventCountry "CAN"]

1. d4 e6 2. c4 f5 3. g3 Nf6 4. Bg2 Be7 5. Nc3 d6 6. Nh3 O-O 7. Bg5 c6 8. O-O
Na6 9. Rb1 e5 10. e3 Ng4 11. Bxe7 Qxe7 12. b4 e4 13. Qa4 Nc7 14. b5 cxb5 15.
Nxb5 Bd7 16. Qa3 Nxb5 17. cxb5 a6 18. b6 Rac8 19. Rfc1 Bb5 20. Nf4 Bc4 21. Bf1
Bf7 22. Rxc8 Rxc8 23. Rc1 Rxc1 24. Qxc1 g5 25. Qc7 Kf8 26. Bxa6 gxf4 27. Bxb7
fxe3 28. fxe3 Nxe3 29. Bc6 Qxc7 30. bxc7 Be6 31. Bb7 Ke7 32. c8=Q Bxc8 33. Bxc8
Kd8 34. Be6 Ke7 35. Bc8 Kd8 1/2-1/2

[Event "Forcing Moves Winter-3"]
[Site "Mississauga CAN"]
[Date "2023.03.19"]
[Round "6.1"]
[White "Bhat, Vaibhav"]
[Black "Brajkovic, Nikola"]
[Result "1/2-1/2"]
[WhiteElo "2155"]
[BlackElo "2017"]
[PlyCount "49"]
[EventDate "2023.03.17"]
[EventType "swiss"]
[EventRounds "6"]
[EventCountry "CAN"]

1. d4 Nf6 2. c4 g6 3. Nc3 d5 4. Bg5 c6 5. Bxf6 exf6 6. cxd5 cxd5 7. Qb3 Nc6 8.
Qxd5 Qb6 9. O-O-O Bh6+ 10. Kb1 O-O 11. Qb3 Qd8 12. e3 Na5 13. Qc2 a6 14. Bd3
Rb8 15. Nf3 b5 16. Ne4 Re8 17. Rc1 Nc4 18. Ka1 Bf5 19. Nc5 Bxd3 20. Qxd3 Rb6
21. Nd2 Bxe3 22. fxe3 Rxe3 23. Qc2 Re2 24. Rcd1 Qxd4 25. Nxc4 1/2-1/2

[Event "Forcing Moves Winter-3"]
[Site "Mississauga CAN"]
[Date "2023.03.19"]
[Round "6.2"]
[White "Siegel, Adam"]
[Black "Singh Dhaliwal, Jaipreet"]
[Result "1-0"]
[WhiteElo "1955"]
[BlackElo "1958"]
[PlyCount "115"]
[EventDate "2023.03.17"]
[EventType "swiss"]
[EventRounds "6"]
[EventCountry "CAN"]

1. d4 Nf6 2. c4 g6 3. g3 Bg7 4. Bg2 O-O 5. Nc3 d6 6. Nf3 c5 7. O-O Nfd7 8. Qd2
Nc6 9. e3 a6 10. Rd1 Rb8 11. b3 b5 12. cxb5 axb5 13. Bb2 Ba6 14. dxc5 Nxc5 15.
Nd5 b4 16. Bxg7 Kxg7 17. Rac1 Bc8 18. Nxe7 Nxe7 19. Rxc5 dxc5 20. Qxd8 Rxd8 21.
Rxd8 Ra8 22. Rd2 Ra7 23. Ng5 Rc7 24. Bf1 h6 25. Nf3 Bb7 26. Ne5 Nd5 27. Bc4 Nb6
28. Be2 Bd5 29. Rc2 Be4 30. Bd3 Bxd3 31. Nxd3 Nd5 32. Nxc5 Rc6 33. e4 Nc3 34.
Nd3 Rd6 35. Nxb4 Nxe4 36. Nc6 g5 37. f3 Rd1+ 38. Kg2 Nd6 39. g4 h5 40. h3 f5
41. b4 Kf6 42. a4 hxg4 43. hxg4 Ra1 44. a5 fxg4 45. fxg4 Ke6 46. Rc5 Ra2+ 47.
Kf3 Ra3+ 48. Ke2 Kd7 49. Nb8+ Kd8 50. a6 Ne4 51. Rc6 Nc3+ 52. Kd2 Nd5 53. Rd6+
Kc7 54. Rxd5 Kxb8 55. b5 Ka7 56. Rxg5 Rb3 57. Ke2 Kb6 58. Kf2 1-0

[Event "Forcing Moves Winter-3"]
[Site "Mississauga CAN"]
[Date "2023.03.19"]
[Round "6.3"]
[White "Zhong, Ryan Yunhui"]
[Black "Qian, Eric"]
[Result "1-0"]
[WhiteElo "1940"]
[BlackElo "1896"]
[PlyCount "111"]
[EventDate "2023.03.17"]
[EventType "swiss"]
[EventRounds "6"]
[EventCountry "CAN"]

1. e4 c5 2. Nf3 d6 3. Bb5+ Bd7 4. Bxd7+ Qxd7 5. O-O Nf6 6. Re1 e6 7. c3 Be7 8.
d4 cxd4 9. cxd4 d5 10. e5 Ne4 11. Nbd2 Nxd2 12. Bxd2 O-O 13. Rc1 Nc6 14. Rc3 h6
15. a3 Na5 16. Bf4 Rfc8 17. Rd3 Nc4 18. Rb3 a5 19. Nd2 Qc7 20. Rc3 Qd8 21. Qg4
Bg5 22. Rg3 Kf8 23. Nf3 Bxf4 24. Qxf4 Nxb2 25. Qg4 g6 26. Qf4 Kg7 27. Rh3 h5
28. Ng5 Qe7 29. g4 Rh8 30. gxh5 Rxh5 31. Rxh5 gxh5 32. Re3 Rh8 33. Rf3 Rh6 34.
Nxf7 Rg6+ 35. Kh1 Nd3 36. Rxd3 Qxf7 37. Qxf7+ Kxf7 38. f3 Rg8 39. Rb3 Rc8 40.
Rxb7+ Kg6 41. Re7 Rc6 42. Kg2 a4 43. Kg3 Rc4 44. Rxe6+ Kg7 45. Rf6 Rxd4 46. Rf4
Rd2 47. Rxa4 d4 48. Ra6 h4+ 49. Kxh4 Rxh2+ 50. Kg3 Re2 51. Kf4 d3 52. Rd6 d2
53. a4 Kf7 54. a5 Rg2 55. Kf5 Rf2 56. f4 1-0

[Event "Forcing Moves Winter-3"]
[Site "Mississauga CAN"]
[Date "2023.03.19"]
[Round "6.4"]
[White "Douglas, Richard"]
[Black "Jiang, Hancy"]
[Result "1-0"]
[WhiteElo "2073"]
[BlackElo "1869"]
[PlyCount "51"]
[EventDate "2023.03.17"]
[EventType "swiss"]
[EventRounds "6"]
[EventCountry "CAN"]

1. f4 d5 2. Nf3 Nf6 3. e3 c5 4. Be2 Nc6 5. O-O e6 6. d3 Be7 7. Qe1 b5 8. d4 c4
9. Ne5 Qc7 10. Bd2 Bd7 11. a4 bxa4 12. Nc3 Rb8 13. Nxd7 Nxd7 14. f5 Rxb2 15.
fxe6 fxe6 16. Nxa4 Rb8 17. Bg4 Qd6 18. Nc5 Nxc5 19. dxc5 Qd7 20. Bc3 Rg8 21.
Bd4 Rb5 22. Qg3 Nxd4 23. exd4 Bf6 24. Bxe6 Bxd4+ 25. Kh1 Qb7 26. Rae1 1-0

[Event "Forcing Moves Winter-3"]
[Site "Mississauga CAN"]
[Date "2023.03.19"]
[Round "6.5"]
[White "Lu, Tony"]
[Black "Lakhani, Riyaan"]
[Result "0-1"]
[WhiteElo "2036"]
[BlackElo "1848"]
[PlyCount "68"]
[EventDate "2023.03.17"]
[EventType "swiss"]
[EventRounds "6"]
[EventCountry "CAN"]

1. e4 c5 2. Nc3 g6 3. d4 Bg7 4. dxc5 Qa5 5. Nge2 Na6 6. a3 Qxc5 7. Be3 Qa5 8.
g3 Nf6 9. b4 Qd8 10. Nd4 Nc7 11. Bg2 d5 12. O-O O-O 13. exd5 Nfxd5 14. Nxd5
Nxd5 15. c4 Nxe3 16. fxe3 e5 17. Nb5 Qb6 18. Qe2 a6 19. Nc3 Be6 20. Rad1 Rad8
21. c5 Qc7 22. Bd5 Qe7 23. Qc4 Qg5 24. e4 Kh8 25. Bxe6 fxe6 26. Rxd8 Rxd8 27.
Ne2 Qe3+ 28. Rf2 Rf8 29. Nf4 exf4 30. Kg2 Bd4 31. Rxf4 Rxf4 32. gxf4 Qf2+ 33.
Kh3 Qf3+ 34. Kh4 Bf6# 0-1

[Event "Forcing Moves Winter-3 U1900"]
[Site "Mississauga CAN"]
[Date "2023.03.17"]
[Round "1.6"]
[White "Zhong, April Yunwei"]
[Black "Ruchinskaya, Valerie"]
[Result "0-1"]
[WhiteElo "1734"]
[BlackElo "1899"]
[PlyCount "138"]
[EventDate "2023.03.17"]
[EventType "swiss"]
[EventRounds "6"]
[EventCountry "CAN"]

1. e4 e6 2. d4 d5 3. Nd2 Nf6 4. e5 Nfd7 5. Bd3 c5 6. c3 Nc6 7. Ne2 cxd4 8. cxd4
f6 9. exf6 Nxf6 10. O-O Bd6 11. Nf3 Qc7 12. Re1 O-O 13. Nc3 a6 14. Bd2 Ng4 15.
Bxh7+ Kh8 16. Ne5 Ncxe5 17. dxe5 Bc5 18. Qxg4 Bxf2+ 19. Kh1 Bxe1 20. Rxe1 Kxh7
21. Qh5+ Kg8 22. h3 Qf7 23. Qg4 Qf5 24. Qg3 Qf2 25. Qg5 Bd7 26. Rd1 Bc6 27. Qg4
Qf5 28. Qg3 Qh5 29. Re1 Rf5 30. Ne2 Raf8 31. Nd4 Rf1+ 32. Kh2 Rxe1 33. Bxe1 Qf7
34. Bd2 Qf2 35. Qc3 Bd7 36. Be3 Qf7 37. Qa5 Rc8 38. Qb4 Bc6 39. Qd6 Bd7 40. Qb4
Bb5 41. Qd6 Re8 42. Nf3 Qe7 43. Qb6 Bd3 44. Bc5 Qf7 45. Be3 Bf5 46. Ng5 Qd7 47.
Bd4 Rc8 48. Bc3 Qc6 49. Qf2 Qd7 50. Qe3 Rc4 51. Bd4 Rc2 52. Bc3 Qb5 53. Qa7 Qe8
54. Qxb7 Qd8 55. Qf7+ Kh8 56. Qxf5 exf5 57. Nf7+ Kg8 58. Nxd8 f4 59. e6 f3 60.
Kg1 Rxg2+ 61. Kf1 Re2 62. a3 Kf8 63. Bb4+ Ke8 64. e7 d4 65. Nb7 d3 66. Nd6+
Kxe7 67. Nc4+ Ke6 68. Nd2 f2 69. Ne4 Rxe4 0-1

[Event "Forcing Moves Winter-3 U1900"]
[Site "Mississauga CAN"]
[Date "2023.03.17"]
[Round "1.7"]
[White "Botello, Daniel"]
[Black "Deepak, Laksshana"]
[Result "1-0"]
[WhiteElo "1830"]
[BlackElo "1712"]
[PlyCount "115"]
[EventDate "2023.03.17"]
[EventType "swiss"]
[EventRounds "6"]
[EventCountry "CAN"]

1. d4 Nf6 2. Nc3 d5 3. Bg5 g6 4. Qd2 Bg7 5. h4 Bf5 6. f3 h5 7. O-O-O Nc6 8. e4
dxe4 9. d5 Nb8 10. fxe4 Nxe4 11. Nxe4 Bxe4 12. Qb4 Bf5 13. Re1 f6 14. Bf4 Bh6
15. Bb5+ Nd7 16. Nf3 Bxf4+ 17. Qxf4 a6 18. Be2 Nb6 19. Nd4 Nxd5 20. Qg3 Qd7 21.
Nxf5 gxf5 22. Bxh5+ Kd8 23. Bf7 c6 24. c4 e5 25. Qg7 Kc7 26. cxd5 Rhf8 27. Qxf6
Rxf7 28. d6+ Kb6 29. Qxe5 Rd8 30. Rd1 Rh7 31. Qe3+ c5 32. Rd5 Qc6 33. Qd3 Rh6
34. d7 f4 35. Rd1 Ka7 36. h5 Qc7 37. Qc4 Rc6 38. Qe4 c4 39. Qe5 Qb6 40. Qd4 c3
41. bxc3 Qxd4 42. R1xd4 Rxc3+ 43. Kb2 Rg3 44. Rd2 Rg7 45. h6 Rh7 46. Re5 Rhxd7
47. Rxd7 Rxd7 48. Rh5 Rh7 49. Kc3 f3 50. gxf3 Kb8 51. Kd4 Kc8 52. Ke5 Kd8 53.
Kf6 Ke8 54. Kg6 Rc7 55. h7 Rc6+ 56. Kg7 Rc7+ 57. Kg8 Rf7 58. Re5+ 1-0

[Event "Forcing Moves Winter-3 U1900"]
[Site "Mississauga CAN"]
[Date "2023.03.17"]
[Round "1.8"]
[White "Ambilwade, Ojal"]
[Black "Deshpande, Sarthak"]
[Result "1/2-1/2"]
[WhiteElo "1579"]
[BlackElo "1787"]
[PlyCount "82"]
[EventDate "2023.03.17"]
[EventType "swiss"]
[EventRounds "6"]
[EventCountry "CAN"]

1. c4 c6 2. d4 d5 3. Nf3 Nf6 4. Nc3 e6 5. Bg5 h6 6. Bh4 Be7 7. e3 Nbd7 8. Be2
O-O 9. cxd5 exd5 10. O-O Ne4 11. Bxe7 Qxe7 12. Bd3 Ndf6 13. Qc2 Bf5 14. Ne5 Bh7
15. Rae1 Rfd8 16. f4 Nd7 17. Rf3 f6 18. Ng4 h5 19. Nf2 f5 20. Nh3 Ndf6 21. Bxe4
fxe4 22. Rf2 Bf5 23. Ng5 Nh7 24. h4 Nxg5 25. fxg5 Bg4 26. Rf4 Rf8 27. Ref1 Rxf4
28. Rxf4 Rf8 29. Qf2 Rf7 30. Rxf7 Qxf7 31. Qg3 Kh7 32. Qf2 Qxf2+ 33. Kxf2 Kg6
34. Kg3 Kf5 35. b4 b6 36. a3 g6 37. Nb1 Bd1 38. Nc3 Bg4 39. Nb1 Bd1 40. Nc3 Bg4
41. Nb1 Bd1 1/2-1/2

[Event "Forcing Moves Winter-3 U1900"]
[Site "Mississauga CAN"]
[Date "2023.03.17"]
[Round "1.9"]
[White "Qian, Ashley"]
[Black "Uyanik, Mehmet"]
[Result "1-0"]
[WhiteElo "1775"]
[BlackElo "1350"]
[PlyCount "75"]
[EventDate "2023.03.17"]
[EventType "swiss"]
[EventRounds "6"]
[EventCountry "CAN"]

1. e4 c5 2. Nf3 d6 3. d4 cxd4 4. Nxd4 Nf6 5. Nc3 a6 6. Be3 Ng4 7. Bg5 h6 8. Bh4
Qb6 9. Nb3 g5 10. Bg3 Bg7 11. Qd2 Qd8 12. Be2 Nf6 13. O-O Nc6 14. Rad1 Bd7 15.
f3 Qc7 16. Bf2 Ne5 17. Bd4 Rd8 18. Rfe1 g4 19. f4 Nc4 20. Bxc4 Qxc4 21. Nd5
Nxd5 22. Bxg7 Rh7 23. Bd4 Nb4 24. Bc3 Nc6 25. Qe3 f6 26. a3 Qg8 27. Nd4 Rg7 28.
Nxc6 Bxc6 29. e5 Kf7 30. exf6 exf6 31. Qe7+ Kg6 32. Qxf6+ Kh5 33. Qf5+ Rg5 34.
fxg5 hxg5 35. Re7 Kh6 36. Rg7 Qxg7 37. Bxg7+ Kxg7 38. Qxg5+ 1-0

[Event "Forcing Moves Winter-3 U1900"]
[Site "Mississauga CAN"]
[Date "2023.03.18"]
[Round "2.6"]
[White "Ruchinskaya, Valerie"]
[Black "Qian, Ashley"]
[Result "1/2-1/2"]
[WhiteElo "1899"]
[BlackElo "1775"]
[PlyCount "163"]
[EventDate "2023.03.17"]
[EventType "swiss"]
[EventRounds "6"]
[EventCountry "CAN"]

1. d4 d5 2. c4 e6 3. Nc3 Nf6 4. cxd5 exd5 5. Bg5 Be7 6. e3 c6 7. Bd3 Nbd7 8.
Nge2 h6 9. Bh4 Nh5 10. Bxe7 Qxe7 11. Rb1 a5 12. Qc2 Nb6 13. b3 Be6 14. Qb2 Nd7
15. O-O O-O 16. Rfc1 Rfc8 17. Na4 b6 18. Nac3 c5 19. Nb5 Bg4 20. a3 g6 21. Ng3
Nxg3 22. hxg3 Kh7 23. Qd2 Nf6 24. a4 Qd7 25. Qc3 Qe7 26. Qd2 Be6 27. Nc3 Kg7
28. Be2 Qd7 29. Bf3 Bf5 30. Ra1 Be6 31. Rd1 Rd8 32. Rac1 Rac8 33. dxc5 Rxc5 34.
Nb5 Rxc1 35. Rxc1 Rc8 36. Rc3 Rxc3 37. Qxc3 h5 38. Qd4 Qc6 39. Nc3 Qc5 40. Qd2
Qc6 41. Qb2 Qc5 42. Ne2 Qb4 43. Kf1 b5 44. axb5 Qxb5 45. Ke1 Qb4+ 46. Kf1 a4
47. Nd4 axb3 48. Bd1 Bd7 49. Nxb3 Ba4 50. Bc2 Qc4+ 51. Kg1 Qb4 52. Qa1 Bxb3 53.
Qb1 Kh7 54. Bxb3 Kg7 55. Qd1 Qc5 56. Qa1 Qc6 57. Qb2 Qc5 58. Ba2 Qc6 59. f3 Qc5
60. Kf2 Qc6 61. Bb1 Qc5 62. Bd3 Qd6 63. Qd4 Qc6 64. Qe5 Qc1 65. g4 Qd2+ 66. Be2
d4 67. exd4 hxg4 68. fxg4 g5 69. g3 Kg6 70. Qf5+ Kg7 71. Kf1 Qxd4 72. Qxg5+ Kh7
73. Qf5+ Kg7 74. g5 Nd5 75. Qf3 Ne3+ 76. Kg1 Ng4+ 77. Kg2 Qd5 78. Qxd5 Ne3+ 79.
Kf3 Nxd5 80. Bd3 f6 81. gxf6+ Nxf6 82. Bf5 1/2-1/2

[Event "Forcing Moves Winter-3 U1900"]
[Site "Mississauga CAN"]
[Date "2023.03.18"]
[Round "2.7"]
[White "Deshpande, Sarthak"]
[Black "Zhong, April Yunwei"]
[Result "0-1"]
[WhiteElo "1787"]
[BlackElo "1734"]
[PlyCount "206"]
[EventDate "2023.03.17"]
[EventType "swiss"]
[EventRounds "6"]
[EventCountry "CAN"]

1. d4 d5 2. c4 dxc4 3. e3 Nf6 4. Bxc4 e6 5. Nf3 a6 6. a4 c5 7. O-O Nc6 8. Nc3
Qc7 9. Qe2 Bd6 10. dxc5 Bxc5 11. e4 Nd4 12. Nxd4 Bxd4 13. Qd3 Ng4 14. g3 Ne5
15. Bb5+ axb5 16. Nxb5 Qb6 17. Qa3 Bc5 18. Qc3 f6 19. b4 Bd4 20. Nc7+ Kf7 21.
Nxa8 Bxc3 22. Nxb6 Bxa1 23. Be3 Bd4 24. Bxd4 Nf3+ 25. Kg2 Nxd4 26. b5 e5 27.
Rc1 Bg4 28. Rc3 Bf3+ 29. Rxf3 Nxf3 30. Kxf3 Rd8 31. a5 Rd3+ 32. Ke2 Rb3 33. Nc4
Ke6 34. a6 bxa6 35. bxa6 Rb4 36. Kd3 Ra4 37. Ne3 Rxa6 38. Ke2 g6 39. g4 Ra2+
40. Kf1 Ra4 41. f3 Ra2 42. h4 h6 43. Kg1 Re2 44. Nf1 Ra2 45. Ne3 h5 46. gxh5
gxh5 47. Nf5 Kf7 48. Kf1 Ke6 49. Kg1 Ra7 50. Kf2 Rh7 51. Ke3 Kd7 52. Ng3 Kc6
53. Kd3 Kc5 54. Kc3 Ra7 55. Kd3 Ra3+ 56. Ke2 Ra2+ 57. Ke3 Ra3+ 58. Ke2 Kd4 59.
Nf5+ Kc4 60. Ng3 Ra2+ 61. Ke3 Rg2 62. Nxh5 Rg6 63. Ke2 Rh6 64. Ng3 Rxh4 65. Ke3
Kc3 66. Nf1 Rh1 67. Ng3 Re1+ 68. Kf2 Ra1 69. Ke3 Kc2 70. Ke2 Ra2 71. Nh5 Kc1+
72. Ke1 Ra6 73. Ng3 Kc2 74. Ke2 Kc3 75. Ke3 Ra1 76. Ke2 Ra2+ 77. Ke3 Rd2 78.
Nh5 Rd6 79. Ng3 Kc2 80. Ke2 Rd2+ 81. Ke3 Rh2 82. Nf1 Rg2 83. f4 exf4+ 84. Kf3
Rg1 85. Nh2 Kd3 86. Kxf4 Rg2 87. Nf3 Rf2 88. Kg3 Ke3 89. Nh4 Ra2 90. Kg4 Kxe4
91. Kh5 Rh2 92. Kg4 Rxh4+ 93. Kxh4 Kf3 94. Kh5 f5 95. Kg5 f4 96. Kf5 Ke3 97.
Kg4 f3 98. Kg3 f2 99. Kh3 f1=Q+ 100. Kh2 Qf3 101. Kg1 Qe2 102. Kh1 Kf3 103. Kg1
Qg2# 0-1

[Event "Forcing Moves Winter-3 U1900"]
[Site "Mississauga CAN"]
[Date "2023.03.18"]
[Round "2.8"]
[White "Deepak, Laksshana"]
[Black "Ambilwade, Ojal"]
[Result "1-0"]
[WhiteElo "1712"]
[BlackElo "1579"]
[PlyCount "141"]
[EventDate "2023.03.17"]
[EventType "swiss"]
[EventRounds "6"]
[EventCountry "CAN"]

1. e4 c5 2. Nf3 d6 3. d4 cxd4 4. Nxd4 Nf6 5. Nc3 a6 6. Be2 e6 7. O-O Be7 8. a4
O-O 9. Be3 Nc6 10. f4 Qc7 11. f5 d5 12. exd5 exd5 13. Rf3 Bd6 14. Rh3 Nxd4 15.
Bxd4 Bxf5 16. g4 Be6 17. Bxf6 gxf6 18. Qd3 Rfe8 19. Qxh7+ Kf8 20. Re1 Qc5+ 21.
Kf1 Be5 22. Qd3 Ke7 23. Nd1 Rg8 24. Qb3 b6 25. Nf2 Qc7 26. Bf3 Rad8 27. Nd3
Bxg4 28. Qb4+ Qd6 29. Bxg4 Qxb4 30. Nxb4 Rxg4 31. Nc6+ Kd7 32. Nxd8 Kxd8 33. b3
Rf4+ 34. Ke2 Kd7 35. Rh7 Re4+ 36. Kd1 Rd4+ 37. Kc1 Ke7 38. Rg1 Bf4+ 39. Kb1 Rd2
40. Rh1 f5 41. h4 Kf6 42. Rf1 Be3 43. Rh5 f4 44. Rh8 Rh2 45. Rf3 Kf5 46. Rf1
Kg4 47. h5 f3 48. c3 f2 49. Kc2 Rxh5 50. Rxh5 Kxh5 51. Kd3 Bc5 52. b4 Be7 53.
Rxf2 Kg6 54. Rf3 f5 55. Kd4 Kg5 56. Kxd5 Kg4 57. Rf1 f4 58. Ke4 Bd6 59. Rg1+
Kh3 60. Kf3 Kh4 61. Rg6 Be5 62. Rxb6 Bxc3 63. Kxf4 Bd2+ 64. Ke4 a5 65. bxa5
Bxa5 66. Ra6 Bd2 67. Ra8 Kg5 68. a5 Kf6 69. a6 Ke7 70. a7 Kd7 71. Rg8 1-0

[Event "Forcing Moves Winter-3 U1900"]
[Site "Mississauga CAN"]
[Date "2023.03.18"]
[Round "3.6"]
[White "Qian, Ashley"]
[Black "Botello, Daniel"]
[Result "0-1"]
[WhiteElo "1775"]
[BlackElo "1830"]
[PlyCount "90"]
[EventDate "2023.03.17"]
[EventType "swiss"]
[EventRounds "6"]
[EventCountry "CAN"]

1. e4 e5 2. Nf3 d5 3. exd5 Bd6 4. Nc3 Nf6 5. d3 h6 6. h3 O-O 7. Be2 a6 8. O-O
b5 9. a3 Bb7 10. Be3 Nxd5 11. Nxd5 Bxd5 12. Qd2 Qe7 13. Rfe1 c5 14. Rad1 f5 15.
Qc1 Nd7 16. Nh2 g5 17. Bf3 Bxf3 18. Nxf3 g4 19. hxg4 fxg4 20. Nd2 Qh4 21. Ne4
Be7 22. Bxh6 Rf5 23. Ng3 Rf7 24. Qe3 a5 25. Qe4 Ra6 26. Be3 Raf6 27. c4 Bf8 28.
Qd5 Kh8 29. Bg5 Qxg5 30. Ne4 Qf5 31. Nxf6 Qxf6 32. Re2 Rh7 33. g3 b4 34. axb4
cxb4 35. d4 Qh6 36. Qg2 exd4 37. Rxd4 Qc1+ 38. Qf1 Rh1+ 39. Kxh1 Qxf1+ 40. Kh2
Qxe2 41. Rxd7 Qxf2+ 42. Kh1 Bc5 43. Rd8+ Kg7 44. Rd7+ Kg6 45. b3 Qf1+ 0-1

[Event "Forcing Moves Winter-3 U1900"]
[Site "Mississauga CAN"]
[Date "2023.03.18"]
[Round "3.7"]
[White "Nguyen, Thuan"]
[Black "Ruchinskaya, Valerie"]
[Result "1/2-1/2"]
[WhiteElo "1558"]
[BlackElo "1899"]
[PlyCount "84"]
[EventDate "2023.03.17"]
[EventType "swiss"]
[EventRounds "6"]
[EventCountry "CAN"]

1. e4 e6 2. d4 d5 3. Nd2 Nf6 4. e5 Nfd7 5. Ndf3 c5 6. c3 Nc6 7. Bd3 cxd4 8.
cxd4 Qb6 9. Ne2 f6 10. exf6 Nxf6 11. O-O Bd6 12. Rb1 O-O 13. Be3 Qc7 14. h3 Nb4
15. a3 Nxd3 16. Qxd3 Ne4 17. Nc3 Nxc3 18. Rbc1 Qe7 19. Rxc3 h6 20. Ne5 Qf6 21.
f4 a6 22. Rf3 Qf5 23. Qc2 Qxc2 24. Rxc2 Bxe5 25. dxe5 Bd7 26. Rc7 Bc6 27. Bd4
Rad8 28. Kf2 Rd7 29. Rxd7 Bxd7 30. Kg3 Rc8 31. Rc3 Rxc3+ 32. Bxc3 Kf7 33. Kf3
Ke8 34. g4 g6 35. Ke3 Bb5 36. h4 Ba4 37. Kd4 Kd7 38. f5 gxf5 39. gxf5 exf5 40.
Kxd5 Bc6+ 41. Kd4 Ke6 42. Ke3 h5 1/2-1/2

[Event "Forcing Moves Winter-3 U1900"]
[Site "Mississauga CAN"]
[Date "2023.03.18"]
[Round "3.8"]
[White "Uyanik, Mehmet"]
[Black "Deepak, Laksshana"]
[Result "0-1"]
[WhiteElo "1350"]
[BlackElo "1712"]
[PlyCount "53"]
[EventDate "2023.03.17"]
[EventType "swiss"]
[EventRounds "6"]
[EventCountry "CAN"]

1. e4 c5 2. Nf3 d6 3. d4 cxd4 4. Nxd4 Nf6 5. Nc3 a6 6. Bc4 e6 7. Bb3 Be7 8. O-O
Nc6 9. f4 Qb6 10. Be3 Qc7 11. g4 Nxd4 12. Bxd4 e5 13. fxe5 dxe5 14. Nd5 Nxd5
15. Bxd5 exd4 16. Bxf7+ Kd8 17. Qxd4+ Qd7 18. Qb6+ Qc7 19. Qd4+ Bd7 20. Rad1
Bc5 21. Be6 Bxd4+ 22. Rxd4 Qb6 23. Rfd1 Qxe6 24. h3 h5 25. Rxd7+ Qxd7 26. Rxd7+
Kxd7 27. c3 0-1